Hindu Society Under Siege (Record no. 12089)

MARC details
000 -LEADER
fixed length control field 00629nam a2200253 a 4500
020 ## - INTERNATIONAL STANDARD BOOK NUMBER
ISBN
082 00 - DEWEY DECIMAL CLASSIFICATION NUMBER
Classification number 324.245408
Author Cutter GOE3
100 ## - MAIN ENTRY--AUTHOR NAME
Author name Goel, Sita Ram
245 ## - TITLE STATEMENT
Title Hindu Society Under Siege
260 ## - PUBLICATION, DISTRIBUTION, ETC. (IMPRINT)
Place of publication New Delhi
Name of publisher Voice of India
Year of publication 1992
300 ## - PHYSICAL DESCRIPTION
Number of Pages 45p
500 ## - GENERAL NOTE
General note includes index and biblioraphy
505 2# - FORMATTED CONTENTS NOTE
Formatted contents note Bibliography, Index
650 ## - SUBJECT ADDED ENTRY--TOPICAL TERM
Topical Term Hindutva
650 ## - SUBJECT ADDED ENTRY--TOPICAL TERM
Topical Term Religious Fundamentalism-Hindu
942 ## - ADDED ENTRY ELEMENTS (KOHA)
Koha item type Books
700 1# -
-- Goel, Sita Ram
Holdings
Home library Current library Date acquired Cost, normal purchase price Full call number Accession Number Koha item type
Henry Martyn Institute Library Henry Martyn Institute Library 04/11/2007 10.00 324.245408 GOE3 017842 E-Books
                   Copyright © 2026 | Henry Martyn Institute | Hyderabad | TS-500052 | INDIA | Implemented by hmi.edu.in
Hit-Count:

Powered by Koha